Indian electricity bill, 1958 (Record no. 498526)

000 -LEADER
fixed length control field 00299cam a22001097a 4500
008 - FIXED-LENGTH DATA ELEMENTS--GENERAL INFORMATION
fixed length control field 180718b1958 xxu||||| |||| 00| 0 eng d
082 ## - DEWEY DECIMAL CLASSIFICATION NUMBER
Classification number V5903x54 In2/1958b
245 ## - TITLE STATEMENT
Title Indian electricity bill, 1958
Statement of responsibility, etc. by Lok Sabha, India
260 ## - PUBLICATION, DISTRIBUTION, ETC.
Place of publication, distribution, etc.
Name of publisher, distributor, etc. Lok Sabha
Date of publication, distribution, etc. 1958
300 ## - PHYSICAL DESCRIPTION
Extent 29p.
700 ## - ADDED ENTRY--PERSONAL NAME
Personal name India. Lok Sabha
Holdings
Withdrawn status Lost status Damaged status Not for loan Permanent Location Current Location Date acquired Full call number Barcode Date last seen Price effective from Koha item type
        Indian Institute of Public Administration Indian Institute of Public Administration 2018-08-04 V5903x54 In2/1958b GG32005 2018-08-04 2018-08-04 GG

Powered by Koha